banner-ar

الحكومة الالكترونية المتكاملة والمدن الذكية وحوكمتها فى مواجهة حروب الجيل الرابع وما بعده : (Record no. 63709)

MARC details
000 -الفاتح
حقل البيانات ثابتة الطول 01025nam a22002297a 4500
005 - وقت وتاريخ اخر تعامل مع التسجيلة
رقم الضبط 20240530110655.0
008 - عناصر البيانات ثابتة الطول - معلومات عامة
حقل البيانات ثابتة الطول 171218s2016 ua ak g b 000 0 ara d
017 ## - رقم الايداع القانونى
رقم الايداع القانونى 2015/25904
المصدر ( الهيئة المختصة) مصر. دار الكتب
020 ## - الرقم الدولى المعيارى للكتب
الرقم الدولى المعيارى للكتاب 9777800389
040 ## - مصدر الفهرسة
وكالة الفهرسة الأصلية EG-CaGPL
وكالة النسخ EG-CaGPL
082 04 - رقم تصنيف ديوى العشرى
رقم الطبعة 21
رقم التصنيف 352.34 /
رقم المادة أ ح
100 0# - المدخل الرئيسى - إسم شخصى
الإسم الشخصى احمد اسماعيل حجى
245 12 - بيان العنوان
العنوان الحكومة الالكترونية المتكاملة والمدن الذكية وحوكمتها فى مواجهة حروب الجيل الرابع وما بعده :
بقية العنوان اصول نظرية تكنولوجية وتطبيقات ادارية وتعليمية عالمية /
بيان المسئوليه,etc احمد اسماعيل حجى
250 ## - بيان الطبعة
بيان الطبعة ط.1
260 ## - PUBLICATION, DISTRIBUTION, ETC. (IMPRINT)
تاريخ النشر أو التوزيع 2016.
300 ## - الوصف المادى
التعداد 310 ص. :
تفاصيل ماديه اخرى للوعاء ايض ؛
أبعاد الوعاء 24 سم.
504 ## - تبصرة ببليوجرافية
تبصرة ببليوجرافية,الخ يشتمل على ارجاعات ببليوجرافية
650 07 - المدخل الاضافى بالموضوع-مصطلح موضوعى
مصدر الرأس أو المصطلح qrmak
مصطلح موضوعي الحكومات الالكترونية
651 ## - المدخل الاضافى بالموضوع - اسم جغرافى
مصدر الرأس أو المصطلح qrmak
942 ## - عناصر المدخل الإضافي( كوها)
مصدر التصنيف او مخطط الترفيف Dewey Decimal Classification
Koha [default] item type كتاب
260 ## - PUBLICATION, DISTRIBUTION, ETC. (IMPRINT)
-- القاهرة :
-- عالم الكتب ،
Holdings
حالة التراجع حالة الفقد حالة تلف ليس للاعارة المكان المؤقت الموقع الحالى موقع الترفيف تاريخ الاكتساب اجمالي اﻻعارات رقم الطلب الباركود تاريخ اخر مشاهدة تاريخ تفعيل السعر نوع وعاء كوها
        مكتبة القاهرة الكبرى مكتبة القاهرة الكبرى القاعة الرئيسية 12/18/2017   352.34 / أ ح 163818 12/18/2017 12/18/2017 كتاب

Powered By

EGPV